=LDR 00000nam 2200000 4500 =001 INLIS000000000011939 =005 20130612103503 =008 ***********************************Ind** =035 ##$$0010-061300000011939 =041 ##$$a Ind =082 ##$$a 170 =090 ##$$a 170, Ber e =100 ##$$a Bertens, k =245 ##$$a Etika, K. Bertens =250 ##$$a Seri Filsafat Atimajaya: 15 =260 ##$$a 1993 $b Jakarta =300 ##$$a x1,311 hlm., 21 cm =650 ##$$a Etika =850 ##$$a NBPNMAT